| Tag |
First Indicator |
Second Indicator |
Subfields |
| LEADER |
00000cam a2200000 i 4500 |
| 001 |
in00000665196 |
| 005 |
20151015080151.0 |
| 008 |
791031s1978 enka b 11010 eng |
| 010 |
|
|
|a 79318004
|
| 015 |
|
|
|a GB***
|
| 020 |
|
|
|a 0856331694
|
| 035 |
|
|
|a (OCoLC)05751235
|
| 035 |
|
|
|9 ACX5993AM
|
| 040 |
|
|
|a DLC
|c DLC
|d TXA
|d UtOrBLW
|
| 043 |
|
|
|a e------
|
| 049 |
|
|
|a TXAM
|c [931237]
|
| 050 |
0 |
0 |
|a LB1028
|b .E322 1978
|
| 082 |
0 |
|
|a 370/.78/04
|
| 111 |
2 |
|
|a Educational Research Symposium
|d (1978 :
|c Peebles, Scot.)
|
| 245 |
1 |
0 |
|a School and after :
|b a European symposium : papers given at the Educational Research Symposium held at Peebles from 26 February to March 1978 under the auspices of the Council of Europe's Council for Cultural Co-operation (CCC) and the Scottish Council for Research in Education (SCRE), on the occasion of the fiftieth anniversary of the foundation of the Scottish Council for Research in Education /
|c contributions, W. B. Dockrell [and others].
|
| 264 |
|
1 |
|a Windsor, Eng. :
|b NFER Pub.,
|c 1978.
|
| 300 |
|
|
|a 162 pages :
|b illustrations ;
|c 30 cm.
|
| 336 |
|
|
|a text
|b txt
|2 rdacontent
|
| 337 |
|
|
|a unmediated
|b n
|2 rdamedia
|
| 338 |
|
|
|a volume
|b nc
|2 rdacarrier
|
| 504 |
|
|
|a Bibliography: page 148.
|
| 650 |
|
0 |
|a Education
|x Research
|z Europe
|v Congresses.
|
| 700 |
1 |
|
|a Dockrell, W. B.
|
| 710 |
2 |
|
|a Council of Europe.
|b Council for Cultural Co-operation.
|
| 710 |
2 |
|
|a Scottish Council for Research in Education.
|
| 999 |
|
|
|a MARS
|
| 999 |
f |
f |
|s d19c284b-74b1-33e7-83b6-6616357fd3d2
|i 49cfc2c4-2b9d-3345-b0b6-a100f994b740
|t 0
|
| 952 |
f |
f |
|p normal
|a Texas A&M University
|b College Station
|c Sterling C. Evans Library
|d Evans: Library Stacks
|t 0
|e LB1028 .E322 1978
|h Library of Congress classification
|i unmediated -- volume
|m A14803238609
|
| 998 |
f |
f |
|a LB1028 .E322 1978
|t 0
|l Evans: Library Stacks
|